First, cream the butter and sugar (Record no. 4870)

MARC details
000 -CABECERA
campo de control de longitud fija 02046nam a22002898i 4500
001 - NÚMERO DE CONTROL
campo de control 99116766245404341
005 - FECHA Y HORA DE LA ÚLTIMA TRANSACCIÓN
campo de control 20250826140354.0
008 - DATOS DE LONGITUD FIJA--INFORMACIÓN GENERAL
campo de control de longitud fija 221006s2022 xna 000|0|eng d
015 ## - NÚMERO DE BIBLIOGRAFÍA NACIONAL
Número de bibliografía nacional GBC2I0607
Fuente bnb
016 7# - NÚMERO DE CONTROL DE UNA AGENCIA BIBLIOGRÁFICA NACIONAL
Número de control del registro 020772647
Fuente Uk
020 ## - NÚMERO INTERNACIONAL ESTÁNDAR DEL LIBRO
Número Internacional Estándar del Libro 9781911668572 (hbk.)
Información calificativa UK :
Condiciones de disponibilidad Đ30.00
020 ## - NÚMERO INTERNACIONAL ESTÁNDAR DEL LIBRO
Número Internacional Estándar del Libro 9781922351876
Información calificativa Australia
035 ## - NÚMERO DE CONTROL DEL SISTEMA
Número de control de sistema (Uk)020772647
040 ## - FUENTE DE LA CATALOGACIÓN
Centro catalogador/agencia de origen StDuBDS
Lengua de catalogación eng
Centro/agencia transcriptor StDuBDS
Normas de descripción rda
041 ## - CÓDIGO DE LENGUA
Código de lengua del texto/banda sonora o título independiente English
100 ## - ENTRADA PRINCIPAL--NOMBRE DE PERSONA
Nombre de persona Jackson, Emelia
Término indicativo de función/relación author.
9 (RLIN) 25774
245 10 - MENCIÓN DE TÍTULO
Título First, cream the butter and sugar
Mención de responsabilidad, etc. / Emelia Jackson ; editor: Justine Harding ; photographer: Armelle Habib ; illustrator: Andrea Smith.
246 1# - FORMA VARIANTE DE TÍTULO
Texto de visualización At head of title
Título propio/Titulo breve : Essential baking companion
264 #1 - PRODUCCIÓN, PUBLICACIÓN, DISTRIBUCIÓN, FABRICACIÓN Y COPYRIGHT
Producción, publicación, distribución, fabricación y copyright Sydney :
Nombre del de productor, editor, distribuidor, fabricante Murdoch Books,
Fecha de producción, publicación, distribución, fabricación o copyright 2022.
300 ## - DESCRIPCIÓN FÍSICA
Extensión 1 volume ;
Dimensiones 26 cm
520 ## - SUMARIO, ETC.
Sumario, etc. Make baking your happy place. It's not so much a science; it's practice plus play, which becomes instinct and then art. And even the failures are delicious.<br/><br/>Welcome to First, Cream the Butter and Sugar - the ultimate guide for everyone who loves cake. Whether you're here for the only choc chip cookie recipe you'll ever need, or you're setting your sights on conquering an opera cake, a raspberry passionfruit tart or becoming a choux-master, Emelia Jackson has done the homework on behalf of us all.<br/><br/>For those who love a good homemade cake but don't love sifting flour and icing sugar (is it really necessary?) and enjoy a shortcut (do I need to wait hours for my eggs to reach room temp?), Emelia breaks down the steps that truly matter and dispenses with those that don't. Packed with advice for every level of home baker, this is the modern baking reassurance you need, whether it's the night before the birthday party or just a Sunday afternoon for baking something sweet to get you through the week.
650 #0 - PUNTO DE ACCESO ADICIONAL DE MATERIA--TÉRMINO DE MATERIA
Término de materia o nombre geográfico como elemento de entrada Baking
9 (RLIN) 25760
700 ## - ENTRADA AGREGADA--NOMBRE PERSONAL
Nombre de persona Harding, Justine,
Término indicativo de función/relación editor.
9 (RLIN) 25775
700 ## - ENTRADA AGREGADA--NOMBRE PERSONAL
Nombre de persona Habib, Armelle,
Término indicativo de función/relación photographer.
URI de un objeto del mundo real https://isni.org/isni/0000000504846123
9 (RLIN) 25776
700 ## - ENTRADA AGREGADA--NOMBRE PERSONAL
Nombre de persona Smith, Andrea
Títulos y otros términos asociados al nombre (Illustrator),
Término indicativo de función/relación illustrator.
942 ## - ELEMENTOS DE ENTRADA AGREGADA (KOHA)
Fuente del sistema de clasificación o colocación Clasificación de Library of Congress
Holdings
Estado de retiro Estado de pérdida Fuente del sistema de clasificación o colocación Estado dañado No para préstamo Biblioteca de origen Biblioteca actual Fecha de adquisición Total de préstamos Signatura topográfica completa Fecha visto por última vez Número de copia Precio válido a partir de Tipo de ítem Koha Nota pública
    Clasificación Decimal Dewey     TBS Barcelona TBS Barcelona 26/08/2025   TX765 JAC 26/08/2025 1 26/08/2025 Book SOON AVAILABLE

Powered by Koha